header

An assessment of the National Institute of Standards and Technology, Center for Neutron Research (Record no. 94680)

MARC details
000 -LEADER
fixed length control field 01435nam a2200301 a 4500
245 13 - TITLE STATEMENT
Title An assessment of the National Institute of Standards and Technology, Center for Neutron Research
260 ## - PUBLICATION, DISTRIBUTION, ETC. (IMPRINT)
Place of publication Washington, D.C. :
Name of publisher National Academies Press,
Year of publication 2009.
300 ## - PHYSICAL DESCRIPTION
Number of Pages vii, 19 p.
650 #0 - SUBJECT ADDED ENTRY--TOPICAL TERM
Topical Term Neutrons.
856 40 - ELECTRONIC LOCATION AND ACCESS
Uniform Resource Identifier http://site.ebrary.com/lib/rucke/Doc?id=10399493

No items available.

© 2026 Rongo University
Contact us: librarian | system librarian | Rongo university